Shorter encyclopaedia of Islam / (Record no. 20292)
[ view plain ]
| 000 -LEADER | |
|---|---|
| fixed length control field | 00894cam a2200241u 4500 |
| 001 - CONTROL NUMBER | |
| control field | 7473594 |
| 003 - CONTROL NUMBER IDENTIFIER | |
| control field | BDDh-ASL |
| 005 - DATE AND TIME OF LATEST TRANSACTION | |
| control field | 20231015025853.0 |
| 008 - FIXED-LENGTH DATA ELEMENTS--GENERAL INFORMATION | |
| fixed length control field | 830419s1953 nyua d 000 0 eng |
| 010 ## - LIBRARY OF CONGRESS CONTROL NUMBER | |
| LC control number | 57059109 |
| 040 ## - CATALOGING SOURCE | |
| Original cataloging agency | DLC |
| Transcribing agency | CarP |
| Modifying agency | DLC |
| -- | BDDh-ASL |
| 050 00 - LIBRARY OF CONGRESS CALL NUMBER | |
| Classification number | DS37 |
| Item number | .E52 1953a |
| 082 ## - DEWEY DECIMAL CLASSIFICATION NUMBER | |
| Classification number | 297.03 |
| Item number | GIS |
| 245 00 - TITLE STATEMENT | |
| Title | Shorter encyclopaedia of Islam / |
| Statement of responsibility, etc. | edited on behalf of the Royal Netherlands Academy, by H.A.R. Gibb and J.H. Kramers. |
| 260 ## - PUBLICATION, DISTRIBUTION, ETC. | |
| Place of publication, distribution, etc. | Ithaca, N.Y.: |
| Name of publisher, distributor, etc. | Cornell University press |
| Date of publication, distribution, etc. | [c1953] |
| 300 ## - PHYSICAL DESCRIPTION | |
| Extent | viii, 671 p. |
| Other physical details | illus. |
| Dimensions | 27 cm. |
| 650 #0 - SUBJECT ADDED ENTRY--TOPICAL TERM | |
| Topical term or geographic name entry element | Islam |
| Form subdivision | Dictionaries. |
| 700 1# - ADDED ENTRY--PERSONAL NAME | |
| Personal name | Gibb, H. A. R. |
| Fuller form of name | (Hamilton Alexander Rosskeen), |
| Dates associated with a name | 1895-1971, |
| Relator term | ed. |
| 700 1# - ADDED ENTRY--PERSONAL NAME | |
| Personal name | Kramers, J. H. |
| Fuller form of name | (Johannes Hendrik), |
| Dates associated with a name | 1891-1951, |
| Relator term | ed. |
| 710 2# - ADDED ENTRY--CORPORATE NAME | |
| Corporate name or jurisdiction name as entry element | Akademie van Wetenschappen, Amsterdam. [from old catalog] |
| 906 ## - LOCAL DATA ELEMENT F, LDF (RLIN) | |
| a | 0 |
| b | cbc |
| c | premunv |
| d | u |
| e | ncip |
| f | 19 |
| g | y-gencatlg |
| 942 ## - ADDED ENTRY ELEMENTS (KOHA) | |
| Source of classification or shelving scheme | Dewey Decimal Classification |
| Koha item type | Books |
| Withdrawn status | Lost status | Source of classification or shelving scheme | Damaged status | Not for loan | Collection code | Home library | Current library | Shelving location | Date acquired | Source of acquisition | Total Checkouts | Full call number | Barcode | Date last seen | Copy number | Price effective from | Koha item type | Public note |
|---|---|---|---|---|---|---|---|---|---|---|---|---|---|---|---|---|---|---|
| Dewey Decimal Classification | Not For Loan | Non-fiction | Asiatic Society Library | Asiatic Society Library | General Stacks | 12/29/2020 | ASB Collection | 297.03 GIS | 103704 | 12/29/2020 | C-1 | 12/29/2020 | Books | RARE | ||||
| Dewey Decimal Classification | Not For Loan | Non-fiction | Asiatic Society Library | Asiatic Society Library | General Stacks | 12/29/2020 | ASB Collection | 297.03 GIS | 103705 | 12/29/2020 | C-2 | 12/29/2020 | Books | RARE |